000 00362nam a2200145Ia 4500
008 181130s2018 xx 000 0 und d
100 _aChakravarty, A.K.
245 _aEconomic prospects of dairy development
260 _c2018
300 _ap.14-19.
504 _dApr
650 _aDairy development
773 _aKurukshetra
906 _aDairy development
999 _c506568
_d506568